Online
Catalog

La furia de los vientos / (Record no. 7566)

MARC details
000 -CABECERA
campo de control de longitud fija 00688cam a2200217 a 4500
001 - NÚMERO DE CONTROL
campo de control 000007788
005 - FECHA Y HORA DE LA ÚLTIMA TRANSACCIÓN
campo de control 20200929154312.0
008 - DATOS DE LONGITUD FIJA--INFORMACIÓN GENERAL
campo de control de longitud fija 900621s1989 cu a 001 e spa
040 ## - FUENTE DE LA CATALOGACIÓN
Centro catalogador/agencia de origen DO-SdBNP
Centro/agencia transcriptor DLC
Centro/agencia modificador DLC
082 ## - NÚMERO DE LA CLASIFICACIÓN DECIMAL DEWEY
Número de clasificación Cu864.42
Número de documento/Ítem J95f
049 ## - FONDOS LOCALES (OCLC)
Fondos de biblioteca BNGR
100 1# - ENTRADA PRINCIPAL--NOMBRE DE PERSONA
Nombre de persona Junco, Pedro Armando,
Fechas asociadas al nombre 1947-
9 (RLIN) 21493
245 13 - MENCIÓN DE TÍTULO
Título La furia de los vientos /
Mención de responsabilidad, etc. Pedro Armando Junco ; edicción José Rodríguez Feo.
260 ## - PUBLICACIÓN, DISTRIBUCIÓN, ETC.
Lugar de publicación, distribución, etc. La Habana :
Nombre del editor, distribuidor, etc. Unión,
Fecha de publicación, distribución, etc. 1989.
300 ## - DESCRIPCIÓN FÍSICA
Extensión 195 p. :
Otras características físicas il. ;
Dimensiones 19 cm.
586 ## - NOTA DE PREMIOS
Nota de premios "Premio David 1987".
650 #4 - PUNTO DE ACCESO ADICIONAL DE MATERIA--TÉRMINO DE MATERIA
Término de materia o nombre geográfico como elemento de entrada Ensayos cubanos
9 (RLIN) 5691
650 #4 - PUNTO DE ACCESO ADICIONAL DE MATERIA--TÉRMINO DE MATERIA
Término de materia o nombre geográfico como elemento de entrada Literatura cubana
9 (RLIN) 1483
700 1# - PUNTO DE ACCESO ADICIONAL--NOMBRE DE PERSONA
Nombre de persona Rodríguez Feo, José,
Término indicativo de función/relación ed.
9 (RLIN) 16879
910 ## - DATOS DE OPCIÓN DEL USUARIO (OCLC)
Datos de opción del usuario Catalogación por copia / LC
Holdings
Estado de retiro Estado de pérdida Restricciones de uso No para préstamo Código de colección Localización permanente Ubicación/localización actual Ubicación en estantería Fecha de adquisición Número de inventario Total de préstamos Signatura topográfica completa Código de barras Fecha visto por última vez Precio válido a partir de Tipo de ítem Koha Número de copia
    Préstamo interno   Monografías: Libros y Folletos General General En catalogación 10.09.2009 LF1   Cu864.42 J95f 7788-10 25.06.2020 25.06.2020 Préstamo interno  
    Préstamo restringido Préstamo restrigido Monografías: Libros y Folletos General General En catalogación 10.09.2009 LF1   Cu864.42 J95f 7788-20 25.06.2020 25.06.2020 Préstamo interno e.2

Powered by Koha